000 00453nam a22001577a 4500
005 20241211132721.0
008 241211b |||||||| |||| 00| 0 eng d
020 _a9780300078558
050 _aLB1025.3
_b.B35 BAN
100 _aBANNER , JAMES M.
245 _aTHE ELEMENTS OF TEACHING
_cJAMES M. BANNER & HAROLD C. CANNON
260 _aNEW HAVEN
_bYALE UNIVERSITY PRESS
_cc1997
300 _ax; 142p ,
700 _aHAROLD C. CANNON
942 _2lcc
_cBK
_n0
999 _c2051
_d2051